Environmental Tax Regulation in Selected Sectors of European Countries
Harmonizácia environmentánych daní v EÚ na základe analýzy environmentálnych daní vo vybraných európskych krajinách.
Gespeichert in:
| 1. Verfasser: | |
|---|---|
| Weitere Verfasser: | |
| Format: | Buchkapitel |
| Sprache: | Englisch |
| Schlagworte: | |
| Tags: |
Keine Tags, Fügen Sie das erste Tag hinzu!
|
MARC
| LEADER | 00000naa$a2200000$$$4500 | ||
|---|---|---|---|
| 001 | 0249027 | ||
| 005 | 20240502074000.7 | ||
| 041 | 0 | |a eng | |
| 044 | |a SK | ||
| 245 | 1 | 0 | |a Environmental Tax Regulation in Selected Sectors of European Countries |c Juraj Válek, Jana Kušnírová |
| 520 | |a Harmonizácia environmentánych daní v EÚ na základe analýzy environmentálnych daní vo vybraných európskych krajinách. | ||
| 610 | 2 | 0 | |a dane ekologické |
| 610 | 2 | 0 | |a environmentalistika |
| 610 | 2 | 0 | |a harmonizácia |
| 610 | 2 | 0 | |a Európska únia |
| 610 | 2 | 0 | |a Európsky ekonomický priestor |
| 610 | 2 | 0 | |a predpisy daňové |
| 610 | 2 | 0 | |a produkt domáci hrubý |
| 610 | 2 | 0 | |a zisk |
| 100 | 1 | |a Válek, Juraj, 1981- | |
| 700 | 1 | |a Kušnírová, Jana, 1977- | |